KOHA-Header-6

Swarm Intelligence and Deep Evolution : Evolutionary Approach to Artificial Intelligence (Record no. 13799)

000 -LEADER
fixed length control field 00330nam a22001217a 4500
020 ## - INTERNATIONAL STANDARD BOOK NUMBER
ISBN 9781032009179
082 ## - DEWEY DECIMAL CLASSIFICATION NUMBER
Classification number 006.38
100 ## - MAIN ENTRY--AUTHOR NAME
Personal name Hitoshi IBA
245 ## - TITLE STATEMENT
Title Swarm Intelligence and Deep Evolution : Evolutionary Approach to Artificial Intelligence
260 ## - PUBLICATION, DISTRIBUTION, ETC. (IMPRINT)
Place of publication London
Name of publisher CRC Press
Year of publication 2022
300 ## - PHYSICAL DESCRIPTION
Number of Pages ix, 277 pages
942 ## - ADDED ENTRY ELEMENTS (KOHA)
Koha item type Books
Holdings
Withdrawn status Lost status Collection code Permanent Location Current Location Shelving location Date acquired Full call number Accession Number Koha item type
    Computer Networking MAJU MAJU Shelf No.A33 2023-10-12 006.38 10897 Books

Powered by Koha